Statistics for 15 + Lettered Countries

Click here to take the quiz!

General Stats

  • This quiz has been taken 28 times
  • The average score is 11 of 15

Answer Stats

LettersLetterAnswer% Correct
28SSaint Vincent and the Grenadines
90%
28DDemocratic Republic of the Congo
86%
17DDominican Republic
81%
15MMarshall Islands
81%
18RRepublic of the Congo
81%
18SSaint Kitts and Nevis
76%
17AAntigua and Barbuda
71%
27FFederated States of Micronesia
71%
17TTrinidad and Tobago
71%
18UUnited Arab Emirates
71%
21UUnited States of America
71%
22CCentral African Republic
67%
20BBosnia and Herzegovina
57%
18SSão Tomé and Principe
57%
16EEquatorial Guinea
52%

Score Distribution

Percentile by Number Answered

Percent of People with Each Score

Your Score History

You have not taken this quiz